=LDR 00000nam 2200000 4500 =001 INLIS000000000012974 =005 20250410043911 =035 ##$$a 0010-061300000012974 =008 250410################c##########0#ind## =041 ##$$a Ind =082 ##$$a 028.5 =090 ##$$a 028.5, Sho b =100 ##$$a Sholahuddin, Ida Bakhrun =245 1#$$a Buah kejujuran, Ida Bakhrun Sholahuddin /$c Ida Bakhrun Sholahuddin =260 ##$$a Semarang :$b PT. Wildan Pustaka salam,$c 2003 =300 ##$$a 20 hlm : $b ilus ; $c 16 x 15 cm =650 #4$$a Bacaan anak-anak =850 ##$$a NBPNMAT =020 ##$$a 979-3420-08-1 =084 ##$$a 028.5 SHO b =990 ##$$a 03840384 =990 ##$$a 20403428